[Event "CZE-chT1E 2223"]
[Site "Czech Republic"]
[Date "2023.04.01"]
[Round "10.2"]
[White "Kostka, Vit"]
[Black "Vesselovsky, Serguei"]
[Result "1/2-1/2"]
[WhiteElo "2192"]
[BlackElo "2298"]
[PlyCount "48"]
[EventDate "2022.10.08"]
[EventType "team-tourn"]
[EventRounds "11"]
[EventCountry "CZE"]
[SourceTitle "EXT 2024"]
[Source "ChessBase"]
[SourceDate "2023.10.10"]
[SourceVersion "1"]
[SourceVersionDate "2023.10.10"]
[SourceQuality "1"]
[WhiteTeam "Orlova Slavia"]
[BlackTeam "Frydek Mistek III"]
[WhiteTeamCountry "CZE"]
[BlackTeamCountry "CZE"]

1. e4 c5 2. Nf3 Nc6 3. Bb5 g6 4. Bxc6 bxc6 5. 0-0 Bg7 6. Re1 Nf6 7. e5 Nd5 8. c4 Nc7 9. d3 Ne6 10. Nc3 0-0 11. Be3 d6 12. exd6 exd6 13. d4 cxd4 14. Nxd4 c5 15. Ndb5 Qh4 16. g3 Qxc4 17. Nxd6 Qa6 18. Nxc8 Raxc8 19. Qa4 Qb7 20. Qb3 Qxb3 21. axb3 Rb8 22. Rxa7 Rxb3 23. Ne4 c4 24. Ra4 Rxb2 1/2-1/2

[Event "CZE-chT1E 2223"]
[Site "Czech Republic"]
[Date "2023.02.26"]
[Round "9.4"]
[White "Vesselovsky, Serguei"]
[Black "Sluka, Radek"]
[Result "1/2-1/2"]
[WhiteElo "2298"]
[BlackElo "2304"]
[PlyCount "28"]
[EventDate "2022.10.08"]
[EventType "team-tourn"]
[EventRounds "11"]
[EventCountry "CZE"]
[SourceTitle "CBM 213 Extra"]
[Source "ChessBase"]
[SourceDate "2023.05.31"]
[SourceVersion "1"]
[SourceVersionDate "2023.05.31"]
[SourceQuality "1"]
[WhiteTeam "Frydek Mistek III"]
[BlackTeam "Brno Moravska Slavia II"]
[WhiteTeamCountry "CZE"]
[BlackTeamCountry "CZE"]

1. e4 d5 2. exd5 Nf6 3. d4 Nxd5 4. c4 Nb6 5. Nf3 g6 6. Nc3 Bg7 7. c5 Nd5 8. Bc4 c6 9. 0-0 0-0 10. Re1 Bg4 11. Bg5 Bf6 12. Bh6 Bg7 13. Bg5 Bf6 14. Bh6 Bg7 1/2-1/2

[Event "CZE-chT1E 2223"]
[Site "Czech Republic"]
[Date "2022.10.09"]
[Round "2.2"]
[White "Chytilek, Roman"]
[Black "Vesselovsky, Serguei"]
[Result "1/2-1/2"]
[WhiteElo "2303"]
[BlackElo "2298"]
[PlyCount "26"]
[EventDate "2022.10.08"]
[EventType "team-tourn"]
[EventRounds "11"]
[EventCountry "CZE"]
[SourceTitle "CBM 210 Extra"]
[Source "ChessBase"]
[SourceDate "2022.11.30"]
[SourceVersion "1"]
[SourceVersionDate "2022.11.30"]
[SourceQuality "1"]
[WhiteTeam "Brno Duras"]
[BlackTeam "Frydek Mistek III"]
[WhiteTeamCountry "CZE"]
[BlackTeamCountry "CZE"]

1. d4 Nf6 2. c4 e6 3. Nf3 c5 4. e3 d5 5. Nc3 Nc6 6. a3 Ne4 7. Bd3 Nxc3 8. bxc3 dxc4 9. Bxc4 Qc7 10. 0-0 Be7 11. Qe2 0-0 12. e4 cxd4 13. cxd4 e5 1/2-1/2

[Event "CZE-chT 2122"]
[Site "Czech Republic"]
[Date "2022.04.09"]
[Round "14.4"]
[White "Vlasak, Lukas"]
[Black "Vesselovsky, Serguei"]
[Result "1-0"]
[WhiteElo "2438"]
[BlackElo "2323"]
[PlyCount "87"]
[EventDate "2021.10.15"]
[EventType "team-tourn"]
[EventRounds "15"]
[EventCountry "CZE"]
[SourceTitle "EXT 2023"]
[Source "ChessBase"]
[SourceDate "2022.10.05"]
[SourceVersion "1"]
[SourceVersionDate "2022.10.05"]
[SourceQuality "1"]
[WhiteTeam "Turnov Zikuda"]
[BlackTeam "Frydek Mistek"]
[WhiteTeamCountry "CZE"]
[BlackTeamCountry "CZE"]

1. d4 Nf6 2. Nf3 e6 3. Bf4 c5 4. e3 b6 5. Nc3 a6 6. d5 d6 7. dxe6 fxe6 8. e4 Nc6 9. e5 dxe5 10. Qxd8+ Kxd8 11. 0-0-0+ Ke8 12. Nxe5 Nxe5 13. Bxe5 b5 14. Be2 Bb7 15. Rhe1 Be7 16. Bxf6 Bxf6 17. Bg4 Rd8 18. Bxe6 Rxd1+ 19. Nxd1 Kd8 20. Ne3 Kc7 21. Bd5 Bc8 22. c3 Rd8 23. Be4 Be6 24. a3 h6 25. g3 a5 26. Bf5 Bxf5 27. Nxf5 b4 28. Kc2 bxc3 29. bxc3 Kc6 30. a4 h5 31. Re6+ Kd5 32. Re2 Kc6 33. Re4 Rf8 34. Ne3 Bd8 35. f4 g5 36. f5 g4 37. Re6+ Kd7 38. Re5 Kc6 39. Kd3 Bf6 40. Re6+ Kd7 41. Nd5 Bg5 42. Ke4 Bd2 43. Ke5 Bg5 44. f6 1-0

[Event "CZE-chT 2122"]
[Site "Czech Republic"]
[Date "2022.02.12"]
[Round "9.2"]
[White "Vesselovsky, Serguei"]
[Black "Kriebel, Tadeas"]
[Result "0-1"]
[WhiteElo "2323"]
[BlackElo "2526"]
[PlyCount "88"]
[EventDate "2021.10.15"]
[EventType "team-tourn"]
[EventRounds "15"]
[EventCountry "CZE"]
[SourceTitle "EXT 2023"]
[Source "ChessBase"]
[SourceDate "2022.10.05"]
[SourceVersion "1"]
[SourceVersionDate "2022.10.05"]
[SourceQuality "1"]
[WhiteTeam "Frydek Mistek"]
[BlackTeam "Novoborsky"]
[WhiteTeamCountry "CZE"]
[BlackTeamCountry "CZE"]

1. e4 e5 2. Nf3 Nc6 3. Nc3 Nf6 4. d4 exd4 5. Nxd4 Bb4 6. Nxc6 bxc6 7. Bd3 0-0 8. 0-0 Re8 9. Bg5 h6 10. Bh4 g5 11. Bg3 Bxc3 12. bxc3 Nxe4 13. Qh5 Qf6 14. f4 Nxg3 15. hxg3 Rf8 16. Rae1 d6 17. fxg5 Qxg5 18. Qxg5+ hxg5 19. Re7 Be6 20. Be4 Rfe8 21. Rxc7 Bxa2 22. Bxc6 Rec8 23. Rxc8+ Rxc8 24. Ra1 Rxc6 25. Rxa2 Rxc3 26. g4 Kg7 27. Kf2 Kf6 28. Rxa7 Rxc2+ 29. Kf3 Rc3+ 30. Kf2 Rc4 31. Kg3 d5 32. Ra5 Ke5 33. Ra7 Rf4 34. Kh3 d4 35. g3 Rf6 36. Re7+ Kd5 37. Rd7+ Ke4 38. Kg2 d3 39. Re7+ Kd4 40. Rd7+ Ke3 41. Re7+ Re6 42. Rxf7 d2 43. Rf3+ Ke2 44. Rf2+ Kd3 0-1

[Event "CZE-chT 2122"]
[Site "Czech Republic"]
[Date "2022.01.30"]
[Round "8.6"]
[White "Vesselovsky, Serguei"]
[Black "Caletka, Radomir"]
[Result "1/2-1/2"]
[WhiteElo "2323"]
[BlackElo "2299"]
[PlyCount "75"]
[EventDate "2021.10.15"]
[EventType "team-tourn"]
[EventRounds "15"]
[EventCountry "CZE"]
[SourceTitle "EXT 2023"]
[Source "ChessBase"]
[SourceDate "2022.10.05"]
[SourceVersion "1"]
[SourceVersionDate "2022.10.05"]
[SourceQuality "1"]
[WhiteTeam "Frydek Mistek"]
[BlackTeam "Poruba Slavoj"]
[WhiteTeamCountry "CZE"]
[BlackTeamCountry "CZE"]

1. e4 e6 2. d4 d5 3. Nc3 Bb4 4. e5 c5 5. Bd2 Ne7 6. Nce2 Bxd2+ 7. Qxd2 Nbc6 8. f4 Qb6 9. 0-0-0 c4 10. Nf3 Qa6 11. Kb1 b5 12. c3 Rb8 13. Rg1 b4 14. cxb4 Nxb4 15. Nc3 Bd7 16. Be2 Qb6 17. Ka1 a5 18. g4 Qb7 19. h3 Nc8 20. Nh4 Nb6 21. f5 Na4 22. f6 g6 23. Nf3 Kd8 24. Rc1 h6 25. Nxa4 Bxa4 26. Rc3 h5 27. g5 Kd7 28. Rgc1 Bb5 29. h4 Rhc8 30. Bf1 Nc6 31. Be2 a4 32. Ra3 Ra8 33. Bd1 Qb6 34. Qc3 Rcb8 35. Bc2 Ra7 36. Bd1 Raa8 37. Bc2 Ra7 38. Bd1 1/2-1/2

[Event "Ostrava Konik op-A"]
[Site "Ostrava"]
[Date "2021.08.14"]
[Round "8"]
[White "Vesselovsky, Serguei"]
[Black "Michenka, Jozef"]
[Result "1-0"]
[WhiteElo "2316"]
[BlackElo "2300"]
[PlyCount "64"]
[EventDate "2021.08.07"]
[EventType "swiss"]
[EventRounds "9"]
[EventCountry "CZE"]
[SourceTitle "EXT 2022"]
[Source "ChessBase"]
[SourceDate "2021.10.06"]
[SourceVersion "1"]
[SourceVersionDate "2021.10.06"]
[SourceQuality "1"]

1. e4 c5 2. Nc3 Nc6 3. g3 g6 4. Bg2 Bg7 5. d3 d6 6. f4 e6 7. Nf3 Nge7 8. 0-0 0-0 9. Be3 Nd4 10. e5 Nef5 11. Bf2 Rb8 12. Ne4 dxe5 13. Nxe5 f6 14. Nc4 b6 15. c3 Nb5 16. Qb3 Bd7 17. a4 Nc7 18. a5 Nd5 19. axb6 axb6 20. Rfe1 Qc7 21. Ra6 Bc8 22. Ra2 Bb7 23. Ra7 Kh8 24. Qb5 h5 25. Ned2 Qd8 26. Bxc5 Nxc3 27. bxc3 Bxg2 28. Bxf8 Bxf8 29. Kxg2 Qxd3 30. Qd7 Qxd7 31. Rxd7 b5 32. Ne3 Ne7 1-0

[Event "Ostrava Konik op-A"]
[Site "Ostrava"]
[Date "2021.08.13"]
[Round "7"]
[White "Marek, Matyas"]
[Black "Vesselovsky, Serguei"]
[Result "1-0"]
[WhiteElo "2369"]
[BlackElo "2316"]
[PlyCount "33"]
[EventDate "2021.08.07"]
[EventType "swiss"]
[EventRounds "9"]
[EventCountry "CZE"]
[SourceTitle "EXT 2022"]
[Source "ChessBase"]
[SourceDate "2021.10.06"]
[SourceVersion "1"]
[SourceVersionDate "2021.10.06"]
[SourceQuality "1"]

1. e4 c5 2. Nf3 d6 3. d4 cxd4 4. Nxd4 Nf6 5. Nc3 g6 6. Be3 Bg7 7. f3 Nc6 8. Qd2 0-0 9. g4 e6 10. 0-0-0 d5 11. Nxc6 bxc6 12. h4 Qa5 13. Bh6 dxe4 14. h5 g5 15. Bxg7 Kxg7 16. h6+ Kg8 17. Bb5 1-0

[Event "Ostrava Konik op-A"]
[Site "Ostrava"]
[Date "2021.08.07"]
[Round "1"]
[White "Taus, Martin"]
[Black "Vesselovsky, Serguei"]
[Result "0-1"]
[WhiteElo "2099"]
[BlackElo "2316"]
[PlyCount "150"]
[EventDate "2021.08.07"]
[EventType "swiss"]
[EventRounds "9"]
[EventCountry "CZE"]
[SourceTitle "EXT 2022"]
[Source "ChessBase"]
[SourceDate "2021.10.06"]
[SourceVersion "1"]
[SourceVersionDate "2021.10.06"]
[SourceQuality "1"]

1. d4 Nf6 2. Nc3 d6 3. e4 c6 4. a4 e5 5. Nge2 Be7 6. g3 0-0 7. Bg2 a5 8. 0-0 Na6 9. h3 Re8 10. Be3 Qc7 11. g4 Nd7 12. f4 Nb4 13. Qd2 exf4 14. Nxf4 Bg5 15. Rae1 Nf8 16. Qf2 f6 17. Nh5 Ng6 18. Bxg5 fxg5 19. Qd2 Be6 20. Rf2 h6 21. b3 Rf8 22. Ref1 Rxf2 23. Rxf2 Rf8 24. Rxf8+ Kxf8 25. Ne2 Qf7 26. c3 Na6 27. c4 Nb4 28. d5 cxd5 29. exd5 Bd7 30. Qd4 Qe7 31. Be4 Ne5 32. Kg2 Na6 33. Bc2 Nc5 34. Nhg3 g6 35. Nc3 Qf6 36. Qe3 Qf4 37. Qxf4+ gxf4 38. Nge4 Nxe4 39. Nxe4 Ke7 40. Kf2 g5 41. Kg2 b6 42. Nf2 Be8 43. Bf5 Nd7 44. Ne4 Nc5 45. Nd2 Kf6 46. Bc2 Bg6 47. Bxg6 Kxg6 48. h4 gxh4 49. Kh3 Kg5 50. Nf3+ Kf6 51. Kxh4 Nxb3 52. Kh5 Kg7 53. g5 hxg5 54. Kxg5 Nc5 55. Kxf4 Kf6 56. Nd4 Ke7 57. Nb5 Nxa4 58. Kf5 Nc5 59. Kg6 Nd3 60. Na3 Ne5+ 61. Kf5 a4 62. Kg5 Nd3 63. Kg6 Nc5 64. Kg7 Na6 65. Nb5 Nc7 66. Na3 b5 67. cxb5 Nxd5 68. Kg6 Ke6 69. Kg5 Nb6 70. Kf4 Kd5 71. Ke3 Kc5 72. Kd3 Kb4 73. Nc2+ Kb3 74. Nd4+ Kb2 75. Nf5 a3 0-1

[Event "CZE-ch Betsys Online Blitz"]
[Site "Chess.com INT"]
[Date "2021.04.17"]
[Round "4"]
[White "Hollan, Martin"]
[Black "Vesselovsky, Serguei"]
[Result "1-0"]
[WhiteElo "2343"]
[BlackElo "2316"]
[PlyCount "95"]
[EventDate "2021.04.17"]
[EventType "swiss (blitz)"]
[EventRounds "13"]
[EventCountry "CZE"]
[SourceTitle "CBM 201 Extra"]
[Source "ChessBase"]
[SourceDate "2021.05.31"]
[SourceVersion "1"]
[SourceVersionDate "2021.05.31"]
[SourceQuality "1"]

1. e4 c5 2. Nf3 g6 3. Nc3 Bg7 4. d4 cxd4 5. Nxd4 Nc6 6. Be3 Nf6 7. Bc4 0-0 8. Bb3 d6 9. f3 Qa5 10. 0-0 Nxd4 11. Bxd4 Be6 12. Qe1 Rfc8 13. Kh1 Nd7 14. Bxg7 Kxg7 15. f4 Nf6 16. e5 dxe5 17. fxe5 Nd7 18. Nd5 Qxe1 19. Raxe1 Nc5 20. Nxe7 Re8 21. Nd5 Nxb3 22. Nc7 Nd4 23. Nxa8 Rxa8 24. c3 Nc6 25. b3 Rd8 26. Rf2 Rd3 27. Rc2 a5 28. h3 h5 29. Kh2 h4 30. Re4 g5 31. b4 axb4 32. cxb4 Ra3 33. b5 Ne7 34. Rc7 Nf5 35. Rxb7 Bd5 36. Rg4 Bxb7 37. Rxg5+ Kh6 38. Rxf5 Rxa2 39. Rf6+ Kg5 40. Kh1 Rxg2 41. Rb6 Be4 42. Rf6 Rb2+ 43. Kg1 Rxb5 44. Rxf7 Rxe5 45. Rg7+ Kf4 46. Rc7 Kg3 47. Rc3+ Bf3 48. Rc1 1-0

[Event "CZE-ch Betsys Online Blitz"]
[Site "Chess.com INT"]
[Date "2021.04.17"]
[Round "9"]
[White "Vasicek, Martin"]
[Black "Vesselovsky, Serguei"]
[Result "1/2-1/2"]
[WhiteElo "2070"]
[BlackElo "2316"]
[PlyCount "95"]
[EventDate "2021.04.17"]
[EventType "swiss (blitz)"]
[EventRounds "13"]
[EventCountry "CZE"]
[SourceTitle "CBM 201 Extra"]
[Source "ChessBase"]
[SourceDate "2021.05.31"]
[SourceVersion "1"]
[SourceVersionDate "2021.05.31"]
[SourceQuality "1"]

1. d4 g6 2. Nf3 Bg7 3. Bf4 d6 4. e3 Nf6 5. Be2 c5 6. c3 b6 7. h3 Bb7 8. Nbd2 0-0 9. 0-0 Nbd7 10. a4 a6 11. Qb3 Qc7 12. Rfc1 Bc6 13. Bh2 h6 14. Qa3 b5 15. dxc5 Nxc5 16. Qxc5 Qb7 17. Qa3 bxa4 18. b4 axb3 19. Nxb3 a5 20. Nxa5 Qc7 21. Qc5 Rfc8 22. Nxc6 Rxa1 23. Rxa1 Qxc6 24. Qxc6 Rxc6 25. c4 Ne4 26. Ra8+ Kh7 27. Nd4 Rb6 28. g4 Rb2 29. Kf1 Rb1+ 30. Kg2 Rb2 31. Bg3 Bxd4 32. Bf3 Nxg3 33. exd4 Ne2 34. Bxe2 Rxe2 35. c5 dxc5 36. dxc5 Rc2 37. Ra7 Rxc5 38. Rxe7 Kg7 39. Kf3 Rc3+ 40. Kg2 g5 41. Ra7 Rb3 42. Ra6 Rc3 43. Rb6 Ra3 44. Rc6 Rb3 45. Ra6 Rc3 46. Rb6 Ra3 47. Rc6 Rb3 48. Ra6 1/2-1/2

[Event "EU-ch qual Online"]
[Site "Tornelo INT"]
[Date "2020.12.18"]
[Round "1"]
[White "Matinian, Nikita"]
[Black "Vesselovsky, Serguei"]
[Result "1-0"]
[WhiteElo "2470"]
[BlackElo "2316"]
[PlyCount "83"]
[EventDate "2020.12.18"]
[EventType "swiss"]
[EventRounds "11"]
[EventCountry "POL"]
[SourceTitle "CBM 199 Extra"]
[Source "ChessBase"]
[SourceDate "2021.01.31"]
[SourceVersion "1"]
[SourceVersionDate "2021.01.31"]
[SourceQuality "1"]

1. e4 c5 2. Nf3 g6 3. c3 Nf6 4. e5 Nd5 5. Bc4 Nb6 6. Bb3 Bg7 7. d4 cxd4 8. cxd4 0-0 9. h4 d5 10. h5 Bg4 11. hxg6 fxg6 12. Nc3 Nc6 13. Be3 Na5 14. Rh4 Bxf3 15. gxf3 e6 16. Rg4 Nxb3 17. axb3 a6 18. f4 Rc8 19. Qf3 Rf5 20. Rg5 Qf8 21. Qh3 h6 22. Rxg6 Qf7 23. Qxh6 Nd7 24. Ke2 Nf8 25. Rg5 Rxg5 26. Qxg5 Ng6 27. Rg1 Ne7 28. Na4 Nf5 29. Nc5 b6 30. Nd3 Rc7 31. Qd8+ Kh7 32. Rh1+ Bh6 33. Kf3 Qe7 34. Qxe7+ Rxe7 35. Rc1 Kg7 36. Rc6 Kf7 37. Rxb6 a5 38. Nc5 Nh4+ 39. Ke2 Nf5 40. b4 axb4 41. Rxb4 Nh4 42. Rb6 1-0

[Event "EU-ch qual Online"]
[Site "Tornelo INT"]
[Date "2020.12.18"]
[Round "4"]
[White "Vesselovsky, Serguei"]
[Black "Nikolovski, Nikola"]
[Result "0-1"]
[WhiteElo "2316"]
[BlackElo "2454"]
[PlyCount "102"]
[EventDate "2020.12.18"]
[EventType "swiss"]
[EventRounds "11"]
[EventCountry "POL"]
[SourceTitle "CBM 199 Extra"]
[Source "ChessBase"]
[SourceDate "2021.01.31"]
[SourceVersion "1"]
[SourceVersionDate "2021.01.31"]
[SourceQuality "1"]

1. g3 f5 2. Bg2 Nf6 3. c4 e5 4. Nc3 Be7 5. e3 0-0 6. Nge2 d6 7. d4 Qe8 8. b3 Nc6 9. Bb2 Kh8 10. Qd2 a5 11. h3 Bd8 12. 0-0-0 e4 13. a3 a4 14. b4 Ne7 15. Nf4 c6 16. g4 g5 17. Nfe2 d5 18. gxf5 Bxf5 19. cxd5 Nexd5 20. Nxd5 Nxd5 21. Ng3 Bg6 22. Qc2 Bc7 23. Bxe4 Rxf2 24. Qxf2 Bxg3 25. Bxg6 Bxf2 26. Bxe8 Bxe3+ 27. Kb1 Rxe8 28. Rde1 Rd8 29. Rh2 Kg7 30. Rhe2 Bf4 31. Re7+ Nxe7 32. Rxe7+ Kg6 33. Rxb7 h5 34. Rb6 Kf5 35. Rxc6 g4 36. hxg4+ hxg4 37. Rc5+ Ke4 38. d5 Rxd5 39. Rxd5 Kxd5 40. Bf6 g3 41. Bh4 g2 42. Bf2 Ke4 43. Bg1 Be3 44. Bh2 Kd3 45. Kb2 Bd4+ 46. Ka2 Kc3 47. Kb1 Kb3 48. b5 Kxa3 49. Kc2 Kb4 50. Kd3 Bb6 51. Kc2 Kxb5 0-1

[Event "EU-ch qual Online"]
[Site "Tornelo INT"]
[Date "2020.12.18"]
[Round "8"]
[White "Vesselovsky, Serguei"]
[Black "Teterev, Vitaly"]
[Result "1-0"]
[WhiteElo "2316"]
[BlackElo "2460"]
[PlyCount "65"]
[EventDate "2020.12.18"]
[EventType "swiss"]
[EventRounds "11"]
[EventCountry "POL"]
[SourceTitle "CBM 199 Extra"]
[Source "ChessBase"]
[SourceDate "2021.01.31"]
[SourceVersion "1"]
[SourceVersionDate "2021.01.31"]
[SourceQuality "1"]

1. e4 c5 2. Nf3 e6 3. c3 Nf6 4. e5 Nd5 5. d4 d6 6. exd6 cxd4 7. cxd4 Bxd6 8. Nc3 Be7 9. Bd3 Nc6 10. 0-0 0-0 11. Re1 Bf6 12. Nxd5 Qxd5 13. Be4 Qa5 14. Qd3 h6 15. Bd2 Qb6 16. Be3 Nb4 17. Qb3 Nd5 18. Bxd5 exd5 19. Qxd5 Qxb2 20. Rab1 Qa3 21. Ne5 Be6 22. Qxb7 Qxa2 23. Ra1 Qd5 24. Qxd5 Bxd5 25. Nd7 Rfe8 26. Ra5 Bc6 27. Nxf6+ gxf6 28. Rea1 Kg7 29. d5 Bb7 30. d6 a6 31. Bb6 Bc6 32. h3 Re6 33. Bc7 1-0

[Event "CZE-chT1E 1920"]
[Site "Czech Republic"]
[Date "2020.02.16"]
[Round "8.2"]
[White "Sikora, Jan"]
[Black "Vesselovsky, Serguei"]
[Result "1/2-1/2"]
[WhiteElo "2189"]
[BlackElo "2306"]
[PlyCount "28"]
[EventDate "2019.10.20"]
[EventType "team-tourn"]
[EventRounds "11"]
[EventCountry "CZE"]
[SourceTitle "CBM 195 Extra"]
[Source "ChessBase"]
[SourceDate "2020.05.31"]
[SourceVersion "1"]
[SourceVersionDate "2020.05.31"]
[SourceQuality "1"]
[WhiteTeam "Trinec"]
[BlackTeam "Frydek Mistek II"]
[WhiteTeamCountry "CZE"]
[BlackTeamCountry "CZE"]

1. Nf3 g6 2. c4 Bg7 3. g3 c5 4. Bg2 Nc6 5. Nc3 e6 6. 0-0 Nge7 7. d3 0-0 8. e4 d6 9. Bf4 h6 10. Qd2 g5 11. Be3 Ng6 12. Ne1 f5 13. exf5 exf5 14. Nd5 Nd4 1/2-1/2

[Event "Kouty nad Desnou Losin Kapor op"]
[Site "Kouty nad Desnou"]
[Date "2019.12.14"]
[Round "6"]
[White "Pacl, Vaclav"]
[Black "Vesselovsky, Serguei"]
[Result "1/2-1/2"]
[WhiteElo "2030"]
[BlackElo "2316"]
[PlyCount "49"]
[EventDate "2019.12.14"]
[EventType "swiss (rapid)"]
[EventRounds "9"]
[EventCountry "CZE"]
[SourceTitle "CBM 193 Extra"]
[Source "ChessBase"]
[SourceDate "2020.01.31"]
[SourceVersion "1"]
[SourceVersionDate "2020.01.31"]
[SourceQuality "1"]

1. Nf3 g6 2. c4 Bg7 3. g3 c5 4. Bg2 Nc6 5. Nc3 e6 6. 0-0 Nge7 7. d3 0-0 8. Rb1 d5 9. Bg5 h6 10. Bd2 b6 11. Qc1 Kh7 12. a3 Bb7 13. b4 dxc4 14. dxc4 cxb4 15. axb4 Rc8 16. Rd1 Qe8 17. Bf4 e5 18. Bd2 Nf5 19. e3 a5 20. bxa5 Nxa5 21. Rxb6 Bxf3 22. Bxf3 Nxc4 23. Rb3 Nxd2 24. Qxd2 Rd8 25. Qxd8 1/2-1/2

[Event "CZE-chT 1819"]
[Site "Czech Republic"]
[Date "2019.04.19"]
[Round "9.4"]
[White "Vesselovsky, Serguei"]
[Black "Kawulok, Marek"]
[Result "1/2-1/2"]
[WhiteElo "2328"]
[BlackElo "2215"]
[PlyCount "49"]
[EventDate "2018.11.03"]
[EventType "team-tourn"]
[EventRounds "11"]
[EventCountry "CZE"]
[SourceTitle "CBM 190 Extra"]
[Source "ChessBase"]
[SourceDate "2019.07.15"]
[SourceVersion "1"]
[SourceVersionDate "2019.07.15"]
[SourceQuality "1"]
[WhiteTeam "Frydek Mistek"]
[BlackTeam "Cesky Tesin Slavoj"]
[WhiteTeamCountry "CZE"]
[BlackTeamCountry "CZE"]

1. e4 e5 2. Nf3 Nc6 3. Nc3 Nf6 4. Bb5 Bb4 5. 0-0 0-0 6. Bxc6 dxc6 7. d3 Re8 8. Ne2 Bf8 9. b3 Bg4 10. Nd2 Nd7 11. f3 Bh5 12. Nc4 f6 13. Bb2 c5 14. g4 Bf7 15. f4 exf4 16. Nxf4 Bxc4 17. bxc4 Bd6 18. Rb1 b6 19. Qf3 Be5 20. Kh1 Bxb2 21. Rxb2 Ne5 22. Qg3 Qd7 23. h3 Rf8 24. Rbb1 Qd6 25. Kg2 1/2-1/2

[Event "CZE-chT1E 1819"]
[Site "Czech Republic"]
[Date "2019.02.03"]
[Round "7.3"]
[White "Paszewski, Mateusz"]
[Black "Vesselovsky, Serguei"]
[Result "1/2-1/2"]
[WhiteElo "2355"]
[BlackElo "2328"]
[PlyCount "28"]
[EventDate "2018.10.21"]
[EventType "team-tourn"]
[EventRounds "11"]
[EventCountry "CZE"]
[SourceTitle "CBM 188 Extra"]
[Source "ChessBase"]
[SourceDate "2019.02.26"]
[SourceVersion "1"]
[SourceVersionDate "2019.02.26"]
[SourceQuality "1"]
[WhiteTeam "Hostalkova"]
[BlackTeam "Frydek Mistek II"]
[WhiteTeamCountry "CZE"]
[BlackTeamCountry "CZE"]

1. e4 c5 2. Nf3 d6 3. d4 cxd4 4. Qxd4 Nf6 5. Be2 Nbd7 6. 0-0 e6 7. c4 Be7 8. Nc3 a6 9. Rd1 Qc7 10. b3 0-0 11. Bb2 b6 12. Rac1 Bb7 13. Qe3 Rac8 14. Nd2 Rfd8 1/2-1/2